| 000 | 00527nam a22001817a 4500 | ||
|---|---|---|---|
| 003 | OSt | ||
| 005 | 20140310182338.0 | ||
| 008 | 130925t xxu||||| |||| 00| 0 eng d | ||
| 020 | _a8178132915 | ||
| 050 |
_aTT 870.3 _b.Or40 v.3 |
||
| 100 |
_aZherebtsova Elena Sergeevna _921649 |
||
| 245 |
_aEnjoy Origami Paper Folding 3. / _cZherebtsova Elena Sergeevna. |
||
| 260 | _bSunrise Publishers. | ||
| 300 |
_a16 p. : _bill. col. ; _c28 cm. |
||
| 651 |
_apaper folding _xorigami _921650 |
||
| 942 |
_2lcc _cBK-GS |
||
| 999 |
_c12099 _d12099 |
||